000 00702cam a22002413a 4500
001 861
003 PGUSA
005 20140828082953.0
008 970301s1997||||xxu|||||s|||||000 | eng d
040 _aPGUSA
_beng
042 _adc
050 4 _aTL
100 1 _aBacon, John M.
_q(John Mackenzie),
_d1846-1904
245 1 4 _aThe Dominion of the Air :
_bThe Story of Aerial Navigation
_h[electronic resource] /
_cJohn M. Bacon
260 _bProject Gutenberg,
_c1997
506 _aPublic domain in the USA.
516 _aElectronic text
653 _aAeronautics -- History
653 _aBalloons
830 0 _aProject Gutenberg
_v861
856 4 0 _uhttp://www.gutenberg.org/ebooks/861
942 _cEB
999 _c230212
_d230212